• 首页
  • 本馆介绍
  • 公告通知
  • 最新文献
  • 馆藏检索
  • 电子资源
  • 读者导购
  • 参考咨询
  • 我的图书馆
  • 登录
  • 详细信息显示
  • 放入我的书架
  • 预约/预借图书
  • 作者相关作品
  • 分类相关作品
  • 丛书相关作品
  • 出版社相关作品

书目信息

  • 表格格式
  • 工作单格式
  • 卡片格式
题名:
麦田农药科学使用技术指南
    
 
作者: 张帅 , 李香菊 , 马忠华 主编
分册:  
出版信息: 北京   中国农业出版社  2019.11
页数: 179页
开本: 23cm
丛书名: 绿色农业·化肥农药减量增效系列丛书
单 册:
中图分类: S435.12-62
科图分类:
主题词: 麦田--mai tian--农药施用--指南
电子资源:
ISBN: 978-7-109-26230-0
000 01248nam 2200301 450
001 0106081727
005 20201106082041.0
010    @a978-7-109-26230-0@dCNY35.00
100    @a20200612d2019 em y0chiy50 ea
101 0  @achi
102    @aCN@b110000
105    @ay z 000yy
106    @ar
200 1  @a麦田农药科学使用技术指南@Amai tian nong yao ke xue shi yong ji shu zhi nan@f全国农业技术推广服务中心主编
210    @a北京@c中国农业出版社@d2019.11
215    @a179页@d23cm
225 2  @a绿色农业·化肥农药减量增效系列丛书@Alv se nong ye hua fei nong yao jian liang zeng xiao xi lie cong shu
300    @a国家重点研发计划“化学肥料和农药减施增效综合技术研发”试点专项“黄准海冬小麦化肥农药减施技术集成研究与示范”项目资助
314    @a主编:张帅、李香菊、马忠华
330    @a本书共六章,内容包括:小麦病虫草害发生特点及用药措施、种子处理剂、杀虫剂、杀菌剂、除草剂、小麦病虫草害抗药性监测现状与监测方法。
461  0 @12001 @a绿色农业·化肥农药减量增效系列丛书
606 0  @a麦田@Amai tian@x农药施用@j指南
690    @aS435.12-62@v5
701  0 @a张帅@Azhang shuai@4主编
701  0 @a李香菊@Ali xiang ju@4主编
701  0 @a马忠华@Ama zhong hua@4主编
801  0 @aCN@bBJSZM@c20201106
905    @b1189996-9@dS435.12-62@e170@f4
    
    麦田农药科学使用技术指南/全国农业技术推广服务中心主编.-北京:中国农业出版社,2019.11
    179页;23cm.-(绿色农业·化肥农药减量增效系列丛书)
    国家重点研发计划“化学肥料和农药减施增效综合技术研发”试点专项“黄准海冬小麦化肥农药减施技术集成研究与示范”项目资助
    
    ISBN 978-7-109-26230-0:CNY35.00
    本书共六章,内容包括:小麦病虫草害发生特点及用药措施、种子处理剂、杀虫剂、杀菌剂、除草剂、小麦病虫草害抗药性监测现状与监测方法。
●
相关链接 在E读中查询图书 在五车中查询图书 在当当中查询图书 在豆瓣中查询图书


正题名:麦田农药科学使用技术指南     索取号:S435.12-62/170         预约/预借

序号 登录号 条形码 馆藏地/架位号 状态 备注
1 1189996   211899962   第二样本阅览室/ [索取号:S435.12-62/170] 在馆    
2 1189997   211899971   第三借阅区/ [索取号:S435.12-62/170] 在馆    
3 1189998   211899980   第三借阅区/ [索取号:S435.12-62/170] 在馆    
4 1189999   211899999   第三借阅区/ [索取号:S435.12-62/170] 在馆    
唐山师范学院图书馆 欢迎您!
大连网信软件有限公司© 版权所有